Zdaňovanie digitálnych platforiem
Od 1. januára 2018 nadobudla účinnosť novela zákona č. 595/2003 Z.z. o dani z príjmov v znení neskorších predpisov, v zmysle ktorej sa rozširuje okruh subjektov povinných zriadiť si na území Slovenskej republiky stálu prevádzkareň. V novelizovanom znení je explicitne uvedené, že stálou prevádzkarňou...
Gespeichert in:
| 1. Verfasser: | |
|---|---|
| Weitere Verfasser: | |
| Format: | Buchkapitel |
| Sprache: | Slowakisch |
| Schlagworte: | |
| Tags: |
Keine Tags, Fügen Sie das erste Tag hinzu!
|
MARC
| LEADER | 00000naa a2200000 4500 | ||
|---|---|---|---|
| 001 | 0246920 | ||
| 005 | 20240502073947.7 | ||
| 041 | 0 | |a slo | |
| 044 | |a SK | ||
| 245 | 1 | 0 | |a Zdaňovanie digitálnych platforiem |c Martina Mateášová, Milan Gedeon |
| 520 | |a Od 1. januára 2018 nadobudla účinnosť novela zákona č. 595/2003 Z.z. o dani z príjmov v znení neskorších predpisov, v zmysle ktorej sa rozširuje okruh subjektov povinných zriadiť si na území Slovenskej republiky stálu prevádzkareň. V novelizovanom znení je explicitne uvedené, že stálou prevádzkarňou sa rozumie aj "opakované sprostredkovanie služieb prepravy a ubytovania, a to aj prostredníctvom digitálnej platformy". | ||
| 610 | 2 | 0 | |a zdaňovanie |
| 610 | 2 | 0 | |a dane z príjmov |
| 610 | 2 | 0 | |a zákony |
| 610 | 2 | 0 | |a novelizácia |
| 610 | 2 | 0 | |a preprava |
| 610 | 2 | 0 | |a služby obchodné |
| 610 | 2 | 0 | |a Slovensko |
| 100 | 1 | |a Mateášová, Martina, 1979- | |
| 700 | 1 | |a Gedeon, Milan, 1993- | |